| 000 | 00360nab a22001097u 4500 | ||
|---|---|---|---|
| 008 | 130520b2011 xxu||||| |||| 00| 0 por d | ||
| 041 | _apor | ||
| 100 | 1 |
_aJácomo, António _966562 |
|
| 245 | 0 | 0 |
_aObjeccäo de Consciência em debate no Conselho da Europa _cAntónio Jácomo |
| 773 | 0 |
_tBroteria _gV.172, nº3,2011,págs. 269-271 _x0870-7618 _wRev100 |
|
| 942 | _cAR | ||
| 999 |
_c352126 _d352126 |
||